Modern methods in equilibrium statistical mechanics

This book is a review of the mathematical tools which allow us to bridge, in a consistent and elegant manner , the two ways leading to randomness,...

Wedi'i Gadw mewn:
Manylion Llyfryddiaeth
Prif Awdur: Rasetti, Mario
Fformat: Llyfr
Iaith:Undetermined
Cyhoeddwyd: Singapore,Philadelphia World Scientific 1986
Pynciau:
Tagiau: Ychwanegu Tag
Dim Tagiau, Byddwch y cyntaf i dagio'r cofnod hwn!
Thư viện lưu trữ: Trung tâm Học liệu Trường Đại học Cần Thơ
LEADER 00722nam a2200205Ia 4500
001 CTU_157002
008 210402s9999 xx 000 0 und d
020 |c 60 
082 |a 530.13 
082 |b R224 
100 |a Rasetti, Mario 
245 0 |a Modern methods in equilibrium statistical mechanics 
245 0 |c Mario Rasetti 
260 |a Singapore,Philadelphia 
260 |b World Scientific 
260 |c 1986 
520 |a This book is a review of the mathematical tools which allow us to bridge, in a consistent and elegant manner , the two ways leading to randomness,... 
650 |a Statistical mechanics,Cơ học thống kê 
904 |i Năm 
980 |a Trung tâm Học liệu Trường Đại học Cần Thơ